LEADER 02919nam a2200697 i 4500
001 310998
003 CZ PrSKC
005 20260601215658.0
007 ta
008 190128s2019 xr a c p 000 f eng
015 |a cnb003072993 
020 |a 9788026613718  |q (brožováno) :  |c Kč 199,00 
035 |a (OCoLC)1089705074 
040 |a BOA001  |b cze  |e rda 
041 1 |a eng  |a cze  |h eng 
072 7 |a 811.111  |x Angličtina  |2 Konspekt 
072 7 |a 821-93  |x Literatura pro děti a mládež (beletrie)  |2 Konspekt 
080 |a 821.111-31  |2 MRF 
080 |a 811.111  |2 MRF 
080 |a 028.4-028.31/.32  |2 MRF 
080 |a 821-93  |2 MRF 
080 |a (0:82-311.3)  |2 MRF 
080 |a (0.027)=030  |2 MRF 
080 |a (07.062)81  |2 MRF 
100 1 |a Jirásková, Eliška  |7 xx0112413  |4 aut  |4 trl 
245 1 0 |a Robinson Crusoe /  |c úprava původního textu a český překlad: Eliška Jirásková 
250 |a 1. vydání 
264 1 |a Brno :  |b Edika,  |c 2019 
300 |a 88 stran :  |b ilustrace ;  |c 21 cm 
336 |a text  |b txt  |2 rdacontent 
337 |a bez média  |b n  |2 rdamedia 
338 |a svazek  |b nc  |2 rdacarrier 
490 1 |a Dvojjazyčná kniha pro začátečníky 
500 |a Označení na obálce: A1/A2 
546 |a Anglický text se souběžným českým překladem 
650 0 7 |a angličtina  |7 ph114056  |2 czenas 
650 0 7 |a zjednodušená četba  |7 ph656682  |2 czenas 
650 0 9 |a English language  |2 eczenas 
650 0 9 |a simplified reading  |2 eczenas 
653 0 |a jazyková úroveň A1  |a jazyková úroveň A2 
655 7 |a anglické romány  |7 fd131814  |2 czenas 
655 7 |a dobrodružné romány  |7 fd132061  |2 czenas 
655 7 |a dvojjazyčná vydání  |7 fd194533  |2 czenas 
655 7 |a jazykové učebnice, texty, příručky (A)  |7 fd600889  |2 czenas 
655 7 |a publikace pro děti  |7 fd133156  |2 czenas 
655 9 |a English fiction  |2 eczenas 
655 9 |a adventure novels  |2 eczenas 
655 9 |a bilingual editions  |2 eczenas 
655 9 |a language textbooks, texts, handbooks (A)  |2 eczenas 
655 9 |a children's literature  |2 eczenas 
700 1 |i Adaptace díla:  |a Defoe, Daniel,  |d asi 1661-1731.  |t Robinson Crusoe  |7 aun2007419931 
700 1 2 |a Jirásková, Eliška.  |t Robinson Crusoe 
700 1 2 |a Jirásková, Eliška.  |t Robinson Crusoe.  |l Anglicky 
830 0 |a Dvojjazyčná kniha pro začátečníky 
856 4 2 |3 Audionahrávka ve formátu MP3 na  |u https://www.albatrosmedia.cz/tituly/33613290/robinson-crusoe-a1-a2/  |4 N 
900 |a ABA001  |b 20 
928 9 |a Albatros Media - Edika 
044 |a xr 
910 |a RBIT002 
998 |d 181268  |a https://core.palmknihy.cz/api/books/181268/cover?skaguo  |b https://core.palmknihy.cz/api/books/181268/cover/400?skaguo  |c https://core.palmknihy.cz/api/books/181268/cover/50?skaguo  |e 2050-12-31  |g 88  |i 9788026613718  |k https://core.palmknihy.cz/api/books/181268/preview.pdf  |l   |q 49  |r 1  |s https://www.palmknihy.cz/kniha/181268  |t ebook  |y 2019  |z 0 
999 |d 310996